La colonización de lo imaginario: sociedades indígenas y occidentalización en el México español. Siglos XVI-XVIII

Збережено в:
Бібліографічні деталі
Автор: Gruzinski, Serge (autor)
Формат: Книга
Мова:Іспанська
Опубліковано: Ciudad de México Fondo de Cultura Económica 1991
Редагування:1a. ed
Серія:Obras de Historia
Предмети:
Теги: Додати тег
Немає тегів, Будьте першим, хто поставить тег для цього запису!

MARC

LEADER 00000cam a2200000 a 4500
001 UCG2738
003 CL-VaPUC
008 100723e19910000MX |||||||||||||||||spa|d
020 |a 9789681636296 
082 0 4 |a 972.02  |b GRU  |2 21 
100 |a Gruzinski, Serge  |e autor  |9 245671 
245 1 3 |a La colonización de lo imaginario: sociedades indígenas y occidentalización en el México español. Siglos XVI-XVIII 
250 |a 1a. ed 
300 |a 310 p 
942 |c BK 
945 |d 20100723 00:00:00  |a mfarfan 
260 |a Ciudad de México  |b Fondo de Cultura Económica  |c 1991 
650 0 |a Cultura  |9 269059 
650 7 |a INDIGENAS MEXICANOS  |2 CL-VaPUC  |9 342376 
650 0 |a Historia de México  |9 321806 
651 0 |a México  |9 255269 
583 |a last modification  |c 20160621 11:26:12  |k Rodrigo Vera 
490 0 |a Obras de Historia 
999 |c 341864  |d 341862 
952 |0 0  |1 0  |4 0  |6 972_020000000000000_GRU_1991  |7 0  |8 A  |9 437663  |a BIBHIS  |b BIBHIS  |d 2019-11-22  |i 4697529  |l 4  |o 972.02 GRU 1991  |p 4697529  |r 2025-03-31  |s 2025-03-24  |w 2019-11-22  |y BK  |k HIS 
952 |0 0  |1 0  |3 erb  |4 0  |6 972_020000000000000_GRU_1991  |7 0  |8 A  |9 437664  |a FDOHBE  |b FDOHBE  |e Huesbe Llanos, Marco Antonio, 1934-  |i 5333342  |o 972.02 GRU 1991  |p 5333342  |r 2024-01-30  |w 2019-11-22  |y BK  |z Catalogado en:20160623  |k HBE 
952 |0 0  |1 0  |3 erb  |4 0  |6 972_020000000000000_GRU_1991  |7 0  |8 A  |9 437665  |a BIBART  |b BIBART  |i 5472210  |o 972.02 GRU 1991  |p 5472210  |r 2025-03-13  |w 2019-11-22  |y BK  |z Catalogado en:20180527  |k ART